| 000 | 00594nam a2200193 a 4500 | ||
|---|---|---|---|
| 005 | 20140412111248.0 | ||
| 008 | 010416s19uu xx 00 eng d | ||
| 020 | _a971-121-152-1 | ||
| 050 |
_aFil E _bMo74 1983 |
||
| 100 | _aCruz, Jo Ann | ||
| 245 |
_aThe monkey and the turtle / _cretold by Jo Ann Cruz; illustrated by Peter Canillo Espina. |
||
| 260 |
_aQuezon City, Philippines : _bAdarna Book Services, _c1983. |
||
| 300 | _a1 v. (unp.) ; ill. | ||
| 650 | _aFolk tales, Philippine | ||
| 650 | _aChildren's stories, Filipino | ||
| 999 |
_c103002 _d103002 |
||